00669nam a22002177a 450000500170000001000130001702000110003003500130004103700160005404000120007008200160008210000240009824501440012225000110026626000430027727000500032030000210037049000320039165000090042365000190043220170124110007.0 aA-581113 c111.00 aA-581113 bCen Lib/Ret aDPLbEN a343.04bLAK aLakhotia, Ram Niwas aTax planning of perquisites and investments for employees :cby Ram Niwas Lakhotiabincorporating the amendments by the finance act, 1992 / a2nd ed aNew DelhibAsha Publishing Housec1987 aS-228, Greater Kailash-II bNew Delhie110048 a208p.c 21cm(Hb) aAsha Publication Series 253 aLaw  aIncome tax law